1575 1200 1719 1769 1750 1184 1917 1177 1362 1740 1676 1307 1861 1732 1949 1393 1594 1621 1755 1563 1961 1029 1610 1148 1010 1778 1111 1508 1181 1236 1596 1654 1222 1503 1664 1481 1815 1501 1718 1396 1537 1415 1258 1621 1163 1569 1487 1950 1498 1686 1519 1787 1679 1759 1938 1125 1327 1123 1463 1024 1602 1385 1817 1799 1788 1476 1653 1641 1550 1728 1553 1963 1392 1466 1832 1481 1084 1523 1201 1215 1807 1295 1954 1790 1336 1993 1369 1770 1041 1618 1728 1307 1966 1714 1151 1155 1621 1416 1387 BCNSPRNW ULIB Ver.6.0+V

เปลี่ยนเป็นภาษาไทย

Change to English
 แสดงรายละเอียดบรรณานุกรม
  กลับหน้าหลัก

Brief Record : Get Marc (ISO 2709) : E-mail record : QR code < ปิดหน้าต่าง
LEADER : 00000nam 2200000uu 4500
001    13399121214
003     ULIB
008    121109s2550||||th 000 0 tha d
020    ^a9789748478616
050 04 ^aPL4177^bพ924ร 2550
100 0  เพลินตา
245 00 ^aโรงเรียนนักเขียน /^cเพลินตา, รวบรวมและเรียบเรียง
250    ^aพิมพ์ครั้งที่ 7 (ฉบับสมบูรณ์ ปรับปรุงแก้ไขใหม่)
260    ^aนนทบุรี :^bบ้านหนังสือ,^c2550
300    ^a254 หน้า ;^c19 ซม
505 2  ^aโครงเรื่อง -- ลักษณะตัวละคร -- ฉาก -- มุมมอง --แบบวิธีการเขียนและน้ำเสียงในงานเขียน -- การเดินเรื่อง -- แก่นเรื่อง --องค์ประกอบของการเป็นนักเขียน -- สิบวิธีในการเริ่มต้นงานเขียน -- จะเป็นนักเขียน : จะต้องมีคุณสมบัติอะไร? -- การเริ่มเรื่อง -- การสร้างเรื่องจากตัวละคร -- จากตัวละครสู่โครงเรื่อง -- การตั้งชื่อเรื่อง -- การเตรียมต้นฉบับ
650  7 ^aการแต่งนวนิยาย
650  7 ^aนวนิยาย
650  7 ^aนักประพันธ์
650  7 ^aการเขียนหนังสือ
700 0  ^aเพลินตา
945    ^p175^l0^i17796
995    ^aกัณชพร
999 ^a กัณชพร
รายการนี้ยังไม่มีแท็ก
คุณยังไม่ได้ล็อกอิน คุณสามารถมีกิจกรรมร่วมกับเว็บไซต์ได้ แต่ต้องล็อกอินก่อน ::
  ล็อกอิน

รายการสื่อสารสนเทศ

ลำดับที่ ประเภท เลขเรียก/บาร์โค้ด สถานที่ สถานะ
1. วิทยาศาสตร์การแพทย์ และสุขภาพ
วิทยาศาสตร์การแพทย์ และสุขภาพ
PL4177 พ924ร 2550  
  Barcode: 17796
ห้องสมุดวิทยาเขตสวรรค์ประชารักษ์
►หนังสือทั่วไป
บนชั้น

รายการใกล้เคียง
    ผู้แต่ง [เพลินตา]

    หัวเรื่อง [การแต่งนวนิยาย]
    หัวเรื่อง [นวนิยาย]
    หัวเรื่อง [นักประพันธ์]
    หัวเรื่อง [การเขียนหนังสือ]

BibComment


ยังไม่เคยถูกคอมเมนท์

คอมเมนท์ทรัพยากรรายการนี้
  คอมเมนท์: โรงเรียนนักเขียน..


 Copyright 2026. Bcnsprnw @Library